[Event "Hannover Bezirk-ch B"]
[Site "Hannover"]
[Date "2018.10.05"]
[Round "3.7"]
[White "Minde, Frank"]
[Black "Engelking, Michael"]
[Result "0-1"]
[WhiteElo "1782"]
[BlackElo "1913"]
[PlyCount "50"]
[EventDate "2018.10.04"]
[EventType "swiss"]
[EventRounds "7"]
[EventCountry "GER"]
[SourceTitle "EXT 2022"]
[Source "ChessBase"]
[SourceDate "2021.10.06"]
[SourceVersion "1"]
[SourceVersionDate "2021.10.06"]
[SourceQuality "1"]

1. e4 d5 2. exd5 Qxd5 3. Nc3 Qa5 4. d4 c6 5. Nf3 Nf6 6. Bd2 Bf5 7. Bc4 e6 8. Qe2 Bb4 9. 0-0-0 Nbd7 10. d5 cxd5 11. Nxd5 Nxd5 12. Bxd5 Rc8 13. Be4 Bxe4 14. Qxe4 Bxd2+ 15. Rxd2 Qxa2 16. Rxd7 Qa1+ 17. Kd2 Qxh1 18. Qxb7 0-0 19. Rxf7 Rcd8+ 20. Rd7 Qxg2 21. Rxd8 Qxf2+ 22. Kc1 Rxd8 23. Qe4 Qf1+ 24. Ne1 Qa6 25. c3 Qa1+ 0-1

[Event "Hannover Ihme Cup"]
[Site "Hannover"]
[Date "2015.05.10"]
[Round "5"]
[White "Jacobi, Felix Hagen"]
[Black "Engelking, Michael"]
[Result "1-0"]
[WhiteElo "1969"]
[BlackElo "1815"]
[PlyCount "51"]
[EventDate "2015.05.08"]
[EventType "swiss"]
[EventRounds "5"]
[EventCountry "GER"]
[SourceTitle "EXT 2021"]
[Source "ChessBase"]
[SourceDate "2020.10.23"]
[SourceVersion "1"]
[SourceVersionDate "2020.10.23"]
[SourceQuality "1"]

1. e4 e5 2. Nc3 Nc6 3. Bc4 Nf6 4. d3 Be7 5. f4 d6 6. f5 Na5 7. Bb3 Nxb3 8. axb3 c6 9. Qf3 d5 10. Nge2 Bc5 11. Bd2 Qd6 12. g4 h6 13. h4 d4 14. Nd1 Nd7 15. Nf2 b5 16. Ng3 Bb4 17. Nh5 Rg8 18. g5 hxg5 19. hxg5 a5 20. Ng4 Bxd2+ 21. Kxd2 Qb4+ 22. Kd1 a4 23. Qg3 Kf8 24. Nxe5 Nxe5 25. Qxe5 a3 26. Qc7 1-0

[Event "Hannover Ihme Cup"]
[Site "Hannover"]
[Date "2015.05.09"]
[Round "3"]
[White "Pubantz, Jan"]
[Black "Engelking, Michael"]
[Result "1/2-1/2"]
[WhiteElo "1360"]
[BlackElo "1815"]
[PlyCount "50"]
[EventDate "2015.05.08"]
[EventType "swiss"]
[EventRounds "5"]
[EventCountry "GER"]
[SourceTitle "EXT 2021"]
[Source "ChessBase"]
[SourceDate "2020.10.23"]
[SourceVersion "1"]
[SourceVersionDate "2020.10.23"]
[SourceQuality "1"]

1. e4 e5 2. Nf3 d6 3. Nc3 Nf6 4. d4 exd4 5. Nxd4 Be7 6. Bd3 0-0 7. 0-0 c5 8. Nde2 Nc6 9. Nf4 Re8 10. Nfd5 Nxd5 11. Nxd5 Bf8 12. Re1 Ne5 13. c4 Be6 14. Bf4 Bxd5 15. exd5 Nxd3 16. Qxd3 Qf6 17. Qd2 h6 18. Rac1 Qf5 19. Bg3 Re4 20. Rxe4 Qxe4 21. f3 Qf5 22. Re1 g6 23. Re4 h5 24. Qf4 Qxf4 25. Bxf4 Rd8 1/2-1/2

[Event "Hannover Ihme Cup"]
[Site "Hannover"]
[Date "2013.05.03"]
[Round "1"]
[White "Engelking, Michael"]
[Black "Koop, Thorben"]
[Result "0-1"]
[WhiteElo "1794"]
[BlackElo "2145"]
[PlyCount "42"]
[EventDate "2013.05.03"]
[EventType "swiss"]
[EventRounds "5"]
[EventCountry "GER"]
[SourceTitle "EXT 2021"]
[Source "ChessBase"]
[SourceDate "2020.10.23"]
[SourceVersion "1"]
[SourceVersionDate "2020.10.23"]
[SourceQuality "1"]

1. d4 Nf6 2. Nf3 g6 3. Bf4 Bg7 4. e3 d6 5. h3 0-0 6. Be2 c5 7. c3 b6 8. Nbd2 Bb7 9. 0-0 Nbd7 10. Bh2 Qc7 11. Qb3 a6 12. a4 Bc6 13. Rfd1 Qb7 14. Bf1 b5 15. axb5 axb5 16. dxc5 Nxc5 17. Qc2 b4 18. c4 Nfe4 19. Rdb1 Nxd2 20. Nxd2 b3 21. Qc1 Ra2 0-1

[Event "Hannover-chB"]
[Site "Lehrte"]
[Date "2011.10.17"]
[Round "6"]
[White "Nuelle, Sascha"]
[Black "Engelking, Michael"]
[Result "1/2-1/2"]
[WhiteElo "1745"]
[BlackElo "1789"]
[PlyCount "26"]
[EventDate "2011.10.15"]
[EventType "swiss"]
[EventRounds "7"]
[EventCountry "GER"]
[SourceTitle "EXT 2021"]
[Source "ChessBase"]
[SourceDate "2020.10.23"]
[SourceVersion "1"]
[SourceVersionDate "2020.10.23"]
[SourceQuality "1"]

1. Nf3 d5 2. d4 Nf6 3. c4 e6 4. g3 Be7 5. Bg2 0-0 6. 0-0 b6 7. Ne5 Bb7 8. Nc3 Nbd7 9. Bf4 c5 10. Nxd7 Qxd7 11. dxc5 bxc5 12. Qc2 d4 13. Ne4 Bxe4 1/2-1/2

[Event "Hannover-chB"]
[Site "Lehrte"]
[Date "2011.10.16"]
[Round "4"]
[White "Gehrke, Mathias"]
[Black "Engelking, Michael"]
[Result "0-1"]
[WhiteElo "1688"]
[BlackElo "1789"]
[PlyCount "136"]
[EventDate "2011.10.15"]
[EventType "swiss"]
[EventRounds "7"]
[EventCountry "GER"]
[SourceTitle "EXT 2021"]
[Source "ChessBase"]
[SourceDate "2020.10.23"]
[SourceVersion "1"]
[SourceVersionDate "2020.10.23"]
[SourceQuality "1"]

1. d4 d5 2. e3 Nf6 3. Nf3 e6 4. Bd3 c5 5. c3 Nc6 6. Nbd2 Bd6 7. 0-0 0-0 8. b3 cxd4 9. exd4 a6 10. Re1 b5 11. Ne5 Qc7 12. Ndf3 Nd7 13. Bxh7+ Kh8 14. Bc2 Ncxe5 15. Nxe5 Nf6 16. Qf3 Kg8 17. Qh3 g6 18. Bg5 Bxe5 19. dxe5 Nh7 20. Bh6 Rd8 21. Qg3 Nf8 22. Bg5 Re8 23. Bf6 Nh7 24. Qf3 Bb7 25. Rac1 d4 26. Be4 Bxe4 27. Rxe4 dxc3 28. Rxc3 Qa5 29. Qe3 Nxf6 30. exf6 Qd8 31. Qf3 Qd2 32. h4 Rac8 33. Rce3 Rc5 34. Rd3 Qxa2 35. g4 Qa1+ 36. Rd1 Rc1 37. Rxc1 Qxc1+ 38. Kg2 Rd8 39. Qg3 Rd1 40. Qe3 Rg1+ 41. Kf3 Qd1+ 42. Qe2 Qxb3+ 43. Kf4 Qd5 44. f3 Rd1 45. Kg3 Qd6+ 46. Re5 b4 47. f4 Qd3+ 48. Re3 Qxe2 49. Rxe2 Rd3+ 50. Kf2 b3 51. Rb2 a5 52. Ke2 Rc3 53. Kd2 Rf3 54. Ke2 Rg3 55. Ke1 a4 56. Rd2 a3 57. Rd8+ Kh7 58. Rf8 a2 59. Rxf7+ Kg8 60. Ra7 Rg1+ 61. Kd2 a1Q 62. Rxa1 Rxa1 63. Kc3 Rf1 64. h5 gxh5 65. gxh5 Rxf4 66. Kxb3 Rxf6 67. Kc3 Rf5 68. h6 Kh7 0-1

[Event "Hannover-chB"]
[Site "Lehrte"]
[Date "2011.10.15"]
[Round "2"]
[White "Manusina, Nicole"]
[Black "Engelking, Michael"]
[Result "1/2-1/2"]
[WhiteElo "1722"]
[BlackElo "1789"]
[PlyCount "42"]
[EventDate "2011.10.15"]
[EventType "swiss"]
[EventRounds "7"]
[EventCountry "GER"]
[SourceTitle "EXT 2021"]
[Source "ChessBase"]
[SourceDate "2020.10.23"]
[SourceVersion "1"]
[SourceVersionDate "2020.10.23"]
[SourceQuality "1"]

1. d4 d5 2. c4 e6 3. Nc3 Nf6 4. cxd5 exd5 5. Bg5 Be7 6. e3 0-0 7. Bd3 h6 8. Bh4 c6 9. Qc2 Re8 10. Bg3 Bd6 11. Bxd6 Qxd6 12. Nf3 Be6 13. 0-0 Nbd7 14. Rab1 Bg4 15. Nd2 c5 16. dxc5 Nxc5 17. Nb3 Nxd3 18. Qxd3 Red8 19. Nd4 a6 20. b4 Bh5 21. Qd2 Bg6 1/2-1/2

[Event "Hannover-chB"]
[Site "Lehrte"]
[Date "2008.10.14"]
[Round "7"]
[White "Walther, Jonas"]
[Black "Engelking, Michael"]
[Result "1-0"]
[WhiteElo "1726"]
[BlackElo "1716"]
[PlyCount "53"]
[EventDate "2008.10.11"]
[EventType "swiss"]
[EventRounds "7"]
[EventCountry "GER"]
[SourceTitle "EXT 2021"]
[Source "ChessBase"]
[SourceDate "2020.10.23"]
[SourceVersion "1"]
[SourceVersionDate "2020.10.23"]
[SourceQuality "1"]

1. e4 e5 2. Nf3 d6 3. Nc3 Nf6 4. d4 exd4 5. Nxd4 Be7 6. Be3 0-0 7. Qd2 c6 8. 0-0-0 b5 9. f3 b4 10. Nb1 c5 11. Nb5 Qb6 12. Nxd6 Rd8 13. e5 Ne8 14. Qf2 Nxd6 15. Bxc5 Qc6 16. exd6 Bxd6 17. Bxd6 Rxd6 18. Bb5 Rxd1+ 19. Rxd1 Qh6+ 20. f4 Qf6 21. Qe3 Be6 22. Qe4 Nc6 23. Bxc6 Rf8 24. Bd5 Bg4 25. Re1 a5 26. Nd2 Bf5 27. Qe5 1-0

[Event "Hannover Region-ch"]
[Site "Hannover"]
[Date "2008.02.13"]
[Round "4"]
[White "Birkenbeul, Harald"]
[Black "Engelking, Michael"]
[Result "0-1"]
[WhiteElo "1444"]
[BlackElo "1741"]
[PlyCount "100"]
[EventDate "2008.01.12"]
[EventType "swiss"]
[EventRounds "7"]
[EventCountry "GER"]
[SourceTitle "EXT 2021"]
[Source "ChessBase"]
[SourceDate "2020.10.23"]
[SourceVersion "1"]
[SourceVersionDate "2020.10.23"]
[SourceQuality "1"]

1. d4 Nf6 2. c4 g6 3. Nc3 Bg7 4. Bg5 0-0 5. h3 d6 6. e4 Nbd7 7. Nf3 e5 8. d5 h6 9. Bh4 a5 10. Bd3 Nc5 11. 0-0 Qd7 12. Bc2 c6 13. Qd2 cxd5 14. Bxf6 Bxf6 15. Nxd5 Bg7 16. Nb6 Qd8 17. Nxa8 Be6 18. b3 Qxa8 19. Qxd6 b6 20. Qxb6 Nxe4 21. Bxe4 Qxe4 22. Qxa5 Bxh3 23. Rae1 Qg4 24. Nh4 Qxh4 25. gxh3 Qxh3 26. Re3 Qg4+ 27. Rg3 Qf4 28. Qd5 e4 29. Re1 Re8 30. a4 Re5 31. Qd8+ Kh7 32. a5 Rf5 33. Qb6 Qd2 34. Qe3 Qxa5 35. Qxe4 Re5 36. Rf3 Qxe1+ 37. Qxe1 Rxe1+ 38. Kg2 Rb1 39. c5 f5 40. Rd3 h5 41. c6 Be5 42. Rd5 Bf4 43. Rb5 Kh6 44. Rb7 Rc1 45. Rb6 Kg5 46. b4 h4 47. b5 Rc3 48. Ra6 h3+ 49. Kf1 Rc1+ 50. Ke2 h2 0-1

[Event "Hannover Region-ch"]
[Site "Hannover"]
[Date "2008.02.09"]
[Round "3"]
[White "Engelking, Michael"]
[Black "Heiseke, Gerhard"]
[Result "1-0"]
[WhiteElo "1741"]
[BlackElo "1412"]
[PlyCount "47"]
[EventDate "2008.01.12"]
[EventType "swiss"]
[EventRounds "7"]
[EventCountry "GER"]
[SourceTitle "EXT 2021"]
[Source "ChessBase"]
[SourceDate "2020.10.23"]
[SourceVersion "1"]
[SourceVersionDate "2020.10.23"]
[SourceQuality "1"]

1. d4 d5 2. Nf3 Nf6 3. c4 e6 4. Nc3 c6 5. e3 c5 6. Be2 Bd6 7. 0-0 0-0 8. Qc2 Nbd7 9. Rd1 Qc7 10. cxd5 exd5 11. Nb5 Qc6 12. b3 Be7 13. Bb2 a6 14. Nc3 b5 15. Ne5 Nxe5 16. dxe5 Ng4 17. Nxd5 Bh4 18. g3 Bg5 19. Qe4 Qh6 20. Bxg4 Be6 21. f4 Bxd5 22. Rxd5 Be7 23. Rd7 f5 24. Bxf5 1-0

[Event "Niedersachsen-ch"]
[Site "Verden"]
[Date "2008.01.03"]
[Round "1"]
[White "Aldegeerds, Julian"]
[Black "Engelking, Michael"]
[Result "0-1"]
[WhiteElo "1092"]
[BlackElo "1723"]
[PlyCount "98"]
[EventDate "2008.01.03"]
[EventType "swiss"]
[EventRounds "7"]
[EventCountry "GER"]
[SourceTitle "EXT 2010"]
[Source "ChessBase"]
[SourceDate "2010.11.25"]
[SourceVersion "1"]
[SourceVersionDate "2010.11.25"]
[SourceQuality "1"]

1. e4 e5 2. Nf3 d6 3. d4 exd4 4. Nxd4 Nf6 5. Nc3 Be7 6. Bc4 0-0 7. Be3 Re8 8. Qd3 Nbd7 9. 0-0-0 Nc5 10. Qe2 Ncxe4 11. Nxe4 Nxe4 12. Qf3 Nf6 13. Rhg1 d5 14. Be2 Bg4 15. Qg3 Bd6 16. Qh4 Bxe2 17. Nxe2 c6 18. Nd4 Ne4 19. Qxd8 Raxd8 20. h4 Be7 21. g3 Bf6 22. Nb3 b6 23. f3 Nd6 24. Bg5 Bxg5+ 25. hxg5 Re3 26. Nd4 Rc8 27. f4 c5 28. Nb3 d4 29. Rde1 Rce8 30. Kd2 Nc4+ 31. Kd1 Nxb2+ 32. Kd2 Nc4+ 33. Kd1 Na3 34. Rxe3 Rxe3 35. g4 Nb5 36. a3 Nxa3 37. f5 Nb5 38. Re1 Nc3+ 39. Kd2 Ne4+ 40. Kd1 Nf2+ 41. Kd2 Nxg4 42. Rxe3 Nxe3 43. f6 gxf6 44. gxf6 Ng4 45. c4 dxc3+ 46. Kxc3 Nxf6 47. Kc4 h5 48. Nd2 a6 49. Nf3 Kg7 0-1

[Event "Hannover Region-ch"]
[Site "Hannover"]
[Date "2007.02.17"]
[Round "4"]
[White "Wittur, Helge"]
[Black "Engelking, Michael"]
[Result "1-0"]
[WhiteElo "1869"]
[BlackElo "1641"]
[PlyCount "97"]
[EventDate "2007.01.13"]
[EventType "swiss"]
[EventRounds "7"]
[EventCountry "GER"]
[SourceTitle "EXT 2021"]
[Source "ChessBase"]
[SourceDate "2020.10.23"]
[SourceVersion "1"]
[SourceVersionDate "2020.10.23"]
[SourceQuality "1"]

1. c4 e5 2. Nc3 Nc6 3. g3 Nf6 4. Bg2 Bb4 5. Nf3 d6 6. 0-0 0-0 7. d3 Be6 8. Bd2 Qd7 9. Ng5 Bf5 10. Nd5 Bxd2 11. Qxd2 Nxd5 12. cxd5 Ne7 13. e4 f6 14. Nf3 Bh3 15. d4 Bxg2 16. Kxg2 Rfd8 17. dxe5 dxe5 18. Qc2 c6 19. dxc6 Nxc6 20. Rfd1 Qe7 21. Qc4+ Kf8 22. Rd5 Nb4 23. Rb5 Nc6 24. Rc1 Nd4 25. Nxd4 Rxd4 26. Qc7 Rd7 27. Qa5 a6 28. Rbc5 Rad8 29. Qb6 Qd6 30. Qb3 Qd3 31. Qb4 Ke8 32. R1c3 Qd6 33. Qc4 Kf8 34. Rd5 Qe7 35. Rxd7 Rxd7 36. Qc8+ Rd8 37. Qf5 g6 38. Qf3 Qd6 39. h4 h5 40. g4 hxg4 41. Qxg4 Kf7 42. Rg3 Rg8 43. h5 g5 44. h6 Kg6 45. Qf5+ Kf7 46. Qh7+ Kf8 47. Qxb7 Qe6 48. a4 g4 49. Rc3 1-0

[Event "Hannover Region-ch"]
[Site "Hannover"]
[Date "2007.01.27"]
[Round "2"]
[White "Zakidyshev, Gennadiy"]
[Black "Engelking, Michael"]
[Result "1-0"]
[WhiteElo "1839"]
[BlackElo "1641"]
[PlyCount "105"]
[EventDate "2007.01.13"]
[EventType "swiss"]
[EventRounds "7"]
[EventCountry "GER"]
[SourceTitle "EXT 2021"]
[Source "ChessBase"]
[SourceDate "2020.10.23"]
[SourceVersion "1"]
[SourceVersionDate "2020.10.23"]
[SourceQuality "1"]

1. d4 d5 2. Nf3 Nf6 3. e3 e6 4. c4 Be7 5. Nc3 0-0 6. Bd3 dxc4 7. Bxc4 b6 8. 0-0 Bb7 9. Bd3 c5 10. dxc5 Bxc5 11. e4 Nc6 12. a3 e5 13. Bg5 Be7 14. h3 Nd7 15. Bxe7 Nxe7 16. b4 Ng6 17. g3 Nf6 18. Qe2 Rc8 19. Rac1 Qd7 20. Kh2 Rc7 21. Rfd1 Qc8 22. Na2 Rxc1 23. Rxc1 Qa8 24. Nc3 Rc8 25. Rc2 a6 26. Nd2 Rc7 27. f3 Qc8 28. Nc4 b5 29. Nd6 Qd7 30. Nxb7 Rxb7 31. Nd5 Nxd5 32. exd5 f6 33. Bxg6 hxg6 34. Rc5 Rb8 35. Qc2 Qf5 36. d6 Kf8 37. Qb3 Qg5 38. Rc2 f5 39. h4 Qf6 40. Qd5 f4 41. d7 Rd8 42. Rc8 fxg3+ 43. Kxg3 g5 44. Rxd8+ Qxd8 45. Qd6+ Kf7 46. h5 a5 47. Kg4 a4 48. Kf5 Qa8 49. Qe6+ Kf8 50. Qe8+ Qxe8 51. dxe8Q+ Kxe8 52. Kxe5 Kf7 53. Kf5 1-0

[Event "Hannover-ch op"]
[Site "Hannover"]
[Date "2003.10.25"]
[Round "5"]
[White "Engelking, Michael"]
[Black "Dragoey, Sven Hugo"]
[Result "1-0"]
[WhiteElo "1657"]
[BlackElo "1491"]
[PlyCount "97"]
[EventDate "2003.10.23"]
[EventType "swiss"]
[EventRounds "7"]
[EventCountry "GER"]
[SourceTitle "EXT 2021"]
[Source "ChessBase"]
[SourceDate "2020.10.23"]
[SourceVersion "1"]
[SourceVersionDate "2020.10.23"]
[SourceQuality "1"]

1. d4 d6 2. c4 g6 3. e4 Nd7 4. Nf3 b6 5. Nc3 Bb7 6. Bd3 c6 7. 0-0 Bg7 8. Be3 h6 9. Qc2 e6 10. Rac1 Ne7 11. Qd2 a6 12. a4 c5 13. d5 e5 14. b3 g5 15. g3 Ng6 16. Ne1 h5 17. Bxg5 f6 18. Be3 Qe7 19. Ra1 Bc8 20. Nc2 Nb8 21. a5 Bh3 22. Rfe1 bxa5 23. Rxa5 h4 24. b4 cxb4 25. Nxb4 hxg3 26. fxg3 Qf7 27. c5 Nh4 28. Qf2 Ng2 29. Re2 Nxe3 30. Qxe3 Qc7 31. Rea2 0-0 32. c6 f5 33. exf5 Bxf5 34. Bxf5 Rxf5 35. Nxa6 Nxa6 36. Rxa6 Rxa6 37. Rxa6 Qf7 38. Ne4 Qf8 39. c7 Bh6 40. Qe2 Rf7 41. Rc6 Be3+ 42. Qxe3 Rf1+ 43. Kg2 Ra1 44. c8Q Ra2+ 45. Kh3 Kh7 46. Rc7+ Qg7 47. Qf5+ Kh8 48. Rc8+ Qg8 49. Qh6# 1-0